| 000 | 01265nas a2200277 i 4500 | ||
|---|---|---|---|
| 003 | DO-SdBNP | ||
| 005 | 20251217113649.0 | ||
| 007 | ta | ||
| 008 | 251113e2025 dr |u|p|r||||||0| |0spa d | ||
| 040 |
_aDO-SdBNP _bspa _cBNPHU _erda |
||
| 041 | _aspa | ||
| 110 |
_aConsejo Nacional del Comercio en Provisiones, CNCP _988792 |
||
| 245 |
_aCNCP Magazine / _cConsejo Nacional del Comercio en Provisiones, CNCP. |
||
| 264 |
_aSanto Domingo, República Dominicana : _bConsejo Nacional del Comercio en Provisiones, CNCP. _bEditora Búho, _c2025. |
||
| 300 |
_avolumen : _bilustraciones, fotografías ; _c30 cm. |
||
| 310 | _aDesconocida. | ||
| 336 |
_atexto _btxt _2rdacontent |
||
| 337 |
_asin mediación _bn _2rdamedia |
||
| 338 |
_avolumen _bnc _2rdacarrier |
||
| 362 | _aAño 6, Volumen 06, 2025. | ||
| 500 | _aEs una dependencia del MICM es la institución gubernamental responsable de formular y aplicar la política industrial, comercial y Mipymes de República Dominicana. | ||
| 650 | 0 |
_aComercio _933633 _vPublicaciones periódicas _zRepública Dominicana |
|
| 650 | 0 |
_aProvisiones _988793 _vPublicaciones periódicas _zRepública Dominicana |
|
| 650 | 0 |
_aÉtica en los negocios _935199 _vPublicaciones periódicas _zRepública Dominicana |
|
| 942 |
_2ddc _cISSUE |
||
| 999 |
_c60041 _d60041 |
||